[Event "Bundesliga 9899"]
[Site "Deutschland"]
[Date "1999.01.09"]
[Round "7.2"]
[White "King, Daniel J"]
[Black "Krasenkow, Michal"]
[Result "1-0"]
[WhiteElo "2506"]
[BlackElo "2643"]
[PlyCount "141"]
[EventDate "1998.10.17"]
[EventType "team"]
[EventRounds "15"]
[EventCountry "GER"]
[SourceTitle "Bundesliga 9899"]
[Source "DeepChess"]
[SourceDate "2005.01.01"]
[SourceVersion "1"]
[SourceVersionDate "2005.01.01"]
[SourceQuality "1"]
[WhiteTeam "SV Castrop Rauxel 1923"]
[BlackTeam "SG Bochum 31"]
[WhiteTeamCountry "GER"]
[BlackTeamCountry "GER"]

1. e4 e5 2. Nf3 Nc6 3. Bb5 a6 4. Ba4 Nf6 5. d3 b5 6. Bb3 d6 7. a4 Rb8 8. axb5
axb5 9. Nbd2 Be7 10. O-O O-O 11. Re1 Be6 12. Bxe6 fxe6 13. c3 Qd7 14. d4 exd4
15. cxd4 Ra8 16. Rxa8 Rxa8 17. Nb3 Nd8 18. Bg5 Nf7 19. Bh4 Ra4 20. Bxf6 Bxf6
21. e5 Be7 22. exd6 cxd6 23. Qe2 Kf8 24. Nbd2 d5 25. Nb3 Rc4 26. Nc1 Bb4 27.
Rd1 Bd6 28. Nd3 b4 29. Re1 Ke7 30. g3 Qc8 31. Qe3 Rc2 32. Kg2 b3 33. Nd2 Nh6
34. Nxb3 Nf5 35. Qg5+ Kf8 36. Nf4 Bxf4 37. Qxf4 Kg8 38. Qe5 Kf7 39. Re2 Rxe2
40. Qxe2 Qb8 41. Qd3 h5 42. h4 Kf6 43. Qc3 Qb5 44. Nc5 Qe2 45. Nd7+ Ke7 46. Ne5
Kf6 47. Nf3 Nd6 48. Qc7 Ne4 49. Qf4+ Kg6 50. Ne5+ Kh7 51. Qf3 Qxb2 52. Qxh5+
Kg8 53. Qf7+ Kh7 54. Qg6+ Kh8 55. Qe8+ Kh7 56. Qg6+ Kh8 57. Nf7+ Kg8 58. Nh6+
Kh8 59. Nf7+ Kg8 60. Nh6+ Kh8 61. Ng4 Qxd4 62. Qxe6 Qd2 63. h5 Qg5 64. h6 gxh6
65. Nxh6 Kh7 66. Nf5 Nf6 67. Qf7+ Kh8 68. Ne7 Qg7 69. Qe6 d4 70. Qc8+ Kh7 71.
Qh3+ 1-0

[Event "Bundesliga 9899"]
[Site "Deutschland"]
[Date "1999.01.09"]
[Round "7.3"]
[White "Keitlinghaus, Ludger"]
[Black "Gallagher, Joseph G"]
[Result "1/2-1/2"]
[WhiteElo "2471"]
[BlackElo "2519"]
[PlyCount "59"]
[EventDate "1998.10.17"]
[EventType "team"]
[EventRounds "15"]
[EventCountry "GER"]
[SourceTitle "Bundesliga 9899"]
[Source "DeepChess"]
[SourceDate "2005.01.01"]
[SourceVersion "1"]
[SourceVersionDate "2005.01.01"]
[SourceQuality "1"]
[WhiteTeam "SG Bochum 31"]
[BlackTeam "SV Castrop Rauxel 1923"]
[WhiteTeamCountry "GER"]
[BlackTeamCountry "GER"]

1. e4 c5 2. c3 Nf6 3. e5 Nd5 4. d4 cxd4 5. cxd4 d6 6. Nf3 Nc6 7. Nc3 dxe5 8.
dxe5 Nxc3 9. Qxd8+ Nxd8 10. bxc3 Bd7 11. Nd4 Rc8 12. f4 g6 13. h4 h5 14. Be3 a6
15. Kd2 Ne6 16. Be2 Nc5 17. Bf3 e6 18. Nb3 Nxb3+ 19. axb3 Bc6 20. Bxc6+ Rxc6
21. b4 Be7 22. g3 O-O 23. Rhb1 Rd8+ 24. Bd4 Rd7 25. Kd3 Bd8 26. b5 axb5 27.
Rxb5 Bb6 28. Rab1 Bxd4 29. cxd4 Rdc7 30. Rc5 1/2-1/2

[Event "Bundesliga 9899"]
[Site "Deutschland"]
[Date "1999.01.09"]
[Round "7.4"]
[White "Seul, Georg"]
[Black "Schmittdiel, Eckhard"]
[Result "0-1"]
[WhiteElo "2441"]
[BlackElo "2483"]
[PlyCount "154"]
[EventDate "1998.10.17"]
[EventType "team"]
[EventRounds "15"]
[EventCountry "GER"]
[SourceTitle "Bundesliga 9899"]
[Source "DeepChess"]
[SourceDate "2005.01.01"]
[SourceVersion "1"]
[SourceVersionDate "2005.01.01"]
[SourceQuality "1"]
[WhiteTeam "SV Castrop Rauxel 1923"]
[BlackTeam "SG Bochum 31"]
[WhiteTeamCountry "GER"]
[BlackTeamCountry "GER"]

1. e4 e6 2. d4 d5 3. e5 c5 4. c3 Qb6 5. Nf3 Nc6 6. Be2 cxd4 7. cxd4 Nge7 8. Nc3
Nf5 9. Na4 Qa5+ 10. Bd2 Qd8 11. Be3 Bb4+ 12. Nc3 f6 13. exf6 Qxf6 14. Bd3 O-O
15. O-O Bd7 16. Rc1 Bd6 17. a3 Be8 18. Bg5 Qf7 19. Ne2 Qc7 20. Ng3 h6 21. Bd2
Qb6 22. Bc3 Nxg3 23. hxg3 Bh5 24. Be2 Rf6 25. Qd2 Raf8 26. Rce1 Bg6 27. Bd3 Bh5
28. Be2 a6 29. Bd1 Qc7 30. Re3 g5 31. Bc2 Qg7 32. Bd1 Bb8 33. Nh2 Bxd1 34. Qxd1
Qf7 35. Ng4 Rg6 36. Rf3 Qg7 37. Rxf8+ Qxf8 38. Qd3 Qg7 39. Re1 h5 40. Nh2 g4
41. Nf1 Ba7 42. Rd1 Rf6 43. Ne3 Qf7 44. Rd2 Rh6 45. Kf1 Bb8 46. Ke1 Rf6 47. Re2
Bd6 48. Nc2 Bf8 49. Bd2 Bg7 50. Nb4 Na7 51. Bf4 Bf8 52. Bb8 Bxb4+ 53. axb4 Nc6
54. Be5 Qg6 55. Re3 Rf5 56. b5 axb5 57. Qxb5 Qf7 58. Qe2 Qe7 59. Qd2 Kf7 60.
Kf1 Qg5 61. Bd6 h4 62. gxh4 Qxh4 63. Rg3 Qh1+ 64. Ke2 Qg1 65. Bf4 Qb1 66. Be3
Qe4 67. Kd1 e5 68. dxe5 d4 69. Bh6 Nxe5 70. Qe2 Qb1+ 71. Bc1 d3 72. Qd2 Rf6 73.
f4 b5 74. Qf2 Nd7 75. Rxg4 Rc6 76. Qd2 Nf6 77. Rh4 Ne4 0-1

[Event "Bundesliga 9899"]
[Site "Deutschland"]
[Date "1999.01.09"]
[Round "7.5"]
[White "Bosch, Jeroen"]
[Black "Hoffmann, Michael"]
[Result "1-0"]
[WhiteElo "2470"]
[BlackElo "2400"]
[PlyCount "71"]
[EventDate "1998.10.17"]
[EventType "team"]
[EventRounds "15"]
[EventCountry "GER"]
[SourceTitle "Bundesliga 9899"]
[Source "DeepChess"]
[SourceDate "2005.01.01"]
[SourceVersion "1"]
[SourceVersionDate "2005.01.01"]
[SourceQuality "1"]
[WhiteTeam "SG Bochum 31"]
[BlackTeam "SV Castrop Rauxel 1923"]
[WhiteTeamCountry "GER"]
[BlackTeamCountry "GER"]

1. e4 c5 2. Nf3 d6 3. d4 Nf6 4. Nc3 cxd4 5. Nxd4 g6 6. Be3 Bg7 7. f3 Nc6 8. Qd2
O-O 9. Bc4 Bd7 10. h4 h5 11. O-O-O Ne5 12. Bb3 Rc8 13. Bh6 Bxh6 14. Qxh6 Rxc3
15. bxc3 Qa5 16. Kb1 Rc8 17. g4 Qxc3 18. gxh5 Nxh5 19. Rhg1 Nc4 20. Bxc4 Rxc4
21. Qxh5 Rxd4 22. Rxg6+ fxg6 23. Qxg6+ Kf8 24. Qh6+ Kf7 25. Qh7+ Kf8 26. Qh8+
Kf7 27. Qxd4 Qxf3 28. Qc4+ Be6 29. Qf1 Qxf1 30. Rxf1+ Kg6 31. Kb2 Kh5 32. Rf8
Kxh4 33. Re8 Bd7 34. Rxe7 Bc6 35. Kc3 Kg5 36. Re6 1-0

[Event "Bundesliga 9899"]
[Site "Deutschland"]
[Date "1999.01.09"]
[Round "7.6"]
[White "Appel, Ralf"]
[Black "De Gleria, Francesco"]
[Result "1-0"]
[WhiteElo "2490"]
[BlackElo "2433"]
[PlyCount "77"]
[EventDate "1998.10.17"]
[EventType "team"]
[EventRounds "15"]
[EventCountry "GER"]
[SourceTitle "Bundesliga 9899"]
[Source "DeepChess"]
[SourceDate "2005.01.01"]
[SourceVersion "1"]
[SourceVersionDate "2005.01.01"]
[SourceQuality "1"]
[WhiteTeam "SV Castrop Rauxel 1923"]
[BlackTeam "SG Bochum 31"]
[WhiteTeamCountry "GER"]
[BlackTeamCountry "GER"]

1. Nf3 Nf6 2. g3 g6 3. Bg2 Bg7 4. O-O O-O 5. d3 d6 6. e4 c5 7. Nc3 Nc6 8. Nh4
Nd4 9. f4 e6 10. Qd2 Qa5 11. h3 Rb8 12. Qf2 b5 13. Nd1 d5 14. e5 Nd7 15. b4 Qa4
16. Bb2 f6 17. c3 Nc6 18. exf6 Rxf6 19. Nf3 c4 20. dxc4 bxc4 21. Ne3 Rf8 22.
Rfe1 Nf6 23. Nh2 Bd7 24. Rad1 Rbd8 25. Neg4 Nxg4 26. hxg4 Ne5 27. Bf1 Nd3 28.
Bxd3 cxd3 29. Rxd3 Qxa2 30. Nf3 Qc4 31. Rd2 Qc7 32. Ng5 Rde8 33. Ra1 Rc8 34.
Ra6 e5 35. Rxd5 exf4 36. Qh2 h6 37. Rxg6 hxg5 38. c4 Rf7 39. Rdxg5 1-0

[Event "Bundesliga 9899"]
[Site "Deutschland"]
[Date "1999.01.09"]
[Round "7.7"]
[White "Backwinkel, Paul"]
[Black "Dinstuhl, Volkmar"]
[Result "1/2-1/2"]
[WhiteElo "2390"]
[BlackElo "2410"]
[PlyCount "27"]
[EventDate "1998.10.17"]
[EventType "team"]
[EventRounds "15"]
[EventCountry "GER"]
[SourceTitle "Bundesliga 9899"]
[Source "DeepChess"]
[SourceDate "2005.01.01"]
[SourceVersion "1"]
[SourceVersionDate "2005.01.01"]
[SourceQuality "1"]
[WhiteTeam "SG Bochum 31"]
[BlackTeam "SV Castrop Rauxel 1923"]
[WhiteTeamCountry "GER"]
[BlackTeamCountry "GER"]

1. d4 Nf6 2. Nf3 g6 3. c3 Bg7 4. Bg5 d5 5. e3 O-O 6. Be2 Nbd7 7. h3 Re8 8. Bf4
b6 9. Nbd2 Bb7 10. O-O Ne4 11. Nxe4 dxe4 12. Ne5 Nxe5 13. dxe5 e6 14. Qxd8
1/2-1/2

[Event "Bundesliga 9899"]
[Site "Deutschland"]
[Date "1999.01.09"]
[Round "7.8"]
[White "Hennig, Dirk"]
[Black "Scholz, Christian"]
[Result "0-1"]
[WhiteElo "2439"]
[BlackElo "2275"]
[PlyCount "60"]
[EventDate "1998.10.17"]
[EventType "team"]
[EventRounds "15"]
[EventCountry "GER"]
[SourceTitle "Bundesliga 9899"]
[Source "DeepChess"]
[SourceDate "2005.01.01"]
[SourceVersion "1"]
[SourceVersionDate "2005.01.01"]
[SourceQuality "1"]
[WhiteTeam "SV Castrop Rauxel 1923"]
[BlackTeam "SG Bochum 31"]
[WhiteTeamCountry "GER"]
[BlackTeamCountry "GER"]

1. d4 Nf6 2. Nf3 g6 3. c4 Bg7 4. g3 O-O 5. Bg2 d6 6. O-O Nbd7 7. Qc2 e5 8. Rd1
Re8 9. Nc3 c6 10. e4 Qc7 11. Rb1 b5 12. b3 Ba6 13. Ba3 bxc4 14. Bxd6 Qxd6 15.
dxe5 cxb3 16. Qxb3 Qe7 17. exf6 Bxf6 18. Nd4 Bxd4 19. Rxd4 Rab8 20. Rb4 c5 21.
Rxb8 Rxb8 22. Qc2 Rxb1+ 23. Qxb1 Qe5 24. Nd5 Nb6 25. h4 c4 26. Nxb6 Qb8 27. f4
c3 28. Kf2 axb6 29. Bf1 Qd6 30. Qc2 Qd4+ 0-1

[Event "Bundesliga 9899"]
[Site "Deutschland"]
[Date "1999.01.09"]
[Round "7.1"]
[White "Bauer, Christian"]
[Black "Baklan, Vladimir"]
[Result "1/2-1/2"]
[WhiteElo "2528"]
[BlackElo "2552"]
[PlyCount "24"]
[EventDate "1998.10.17"]
[EventType "team"]
[EventRounds "15"]
[EventCountry "GER"]
[SourceTitle "Bundesliga 9899"]
[Source "DeepChess"]
[SourceDate "2005.01.01"]
[SourceVersion "1"]
[SourceVersionDate "2005.01.01"]
[SourceQuality "1"]
[WhiteTeam "SK Viernheim"]
[BlackTeam "SK Zaehringen 1921"]
[WhiteTeamCountry "GER"]
[BlackTeamCountry "GER"]

1. d4 Nf6 2. c4 e6 3. Nf3 b6 4. g3 Ba6 5. b3 Bb7 6. Bg2 Bb4+ 7. Bd2 c5 8. O-O
O-O 9. Bxb4 cxb4 10. a3 bxa3 11. Nxa3 a5 12. Ne1 Bxg2 1/2-1/2

[Event "Bundesliga 9899"]
[Site "Deutschland"]
[Date "1999.01.09"]
[Round "7.2"]
[White "Cvitan, Ognjen"]
[Black "Rausis, Igors"]
[Result "1/2-1/2"]
[WhiteElo "2521"]
[BlackElo "2508"]
[PlyCount "26"]
[EventDate "1998.10.17"]
[EventType "team"]
[EventRounds "15"]
[EventCountry "GER"]
[SourceTitle "Bundesliga 9899"]
[Source "DeepChess"]
[SourceDate "2005.01.01"]
[SourceVersion "1"]
[SourceVersionDate "2005.01.01"]
[SourceQuality "1"]
[WhiteTeam "SK Zaehringen 1921"]
[BlackTeam "SK Viernheim"]
[WhiteTeamCountry "GER"]
[BlackTeamCountry "GER"]

1. d4 d5 2. c4 c6 3. cxd5 cxd5 4. Nc3 Nc6 5. Nf3 Nf6 6. Bf4 Bf5 7. e3 e6 8. Bb5
Nd7 9. O-O Rc8 10. Qb3 Be7 11. Rfc1 g5 12. Bg3 h5 13. h3 h4 1/2-1/2

[Event "Bundesliga 9899"]
[Site "Deutschland"]
[Date "1999.01.09"]
[Round "7.3"]
[White "Beikert, Guenther"]
[Black "Pelletier, Yannick"]
[Result "0-1"]
[WhiteElo "2435"]
[BlackElo "2525"]
[PlyCount "84"]
[EventDate "1998.10.17"]
[EventType "team"]
[EventRounds "15"]
[EventCountry "GER"]
[SourceTitle "Bundesliga 9899"]
[Source "DeepChess"]
[SourceDate "2005.01.01"]
[SourceVersion "1"]
[SourceVersionDate "2005.01.01"]
[SourceQuality "1"]
[WhiteTeam "SK Viernheim"]
[BlackTeam "SK Zaehringen 1921"]
[WhiteTeamCountry "GER"]
[BlackTeamCountry "GER"]

1. e4 c5 2. Nf3 d6 3. d4 cxd4 4. Nxd4 Nf6 5. Nc3 Nc6 6. Be2 e6 7. O-O Be7 8.
Kh1 a6 9. f4 Bd7 10. a4 O-O 11. Bf3 Qc7 12. Be3 Nxd4 13. Qxd4 e5 14. Qd3 Be6
15. fxe5 dxe5 16. Nd5 Bxd5 17. exd5 Rac8 18. c3 Rfe8 19. Qd2 Rcd8 20. a5 Qc4
21. b3 Qxb3 22. Rfb1 Qc4 23. Rxb7 Nxd5 24. Rd1 Nxe3 25. Qxe3 Rxd1+ 26. Bxd1 Qd5
27. Ba4 Qxb7 28. Bxe8 Qb1+ 29. Qg1 Qa2 30. Qf1 Kf8 31. Bc6 Qxa5 32. Bb7 Qxc3
33. Bxa6 g6 34. Bc4 f5 35. g4 Qe3 36. Qe2 Qxe2 37. Bxe2 Kg7 38. Kg1 e4 39. gxf5
gxf5 40. Kf2 Kg6 41. Bf1 Kg5 42. Bg2 Bc5+ 0-1

[Event "Bundesliga 9899"]
[Site "Deutschland"]
[Date "1999.01.09"]
[Round "7.4"]
[White "Siegel, Georg"]
[Black "Sokolovs, Andrei"]
[Result "1-0"]
[WhiteElo "2483"]
[BlackElo "2490"]
[PlyCount "83"]
[EventDate "1998.10.17"]
[EventType "team"]
[EventRounds "15"]
[EventCountry "GER"]
[SourceTitle "Bundesliga 9899"]
[Source "DeepChess"]
[SourceDate "2005.01.01"]
[SourceVersion "1"]
[SourceVersionDate "2005.01.01"]
[SourceQuality "1"]
[WhiteTeam "SK Zaehringen 1921"]
[BlackTeam "SK Viernheim"]
[WhiteTeamCountry "GER"]
[BlackTeamCountry "GER"]

1. d4 Nf6 2. c4 e6 3. Nf3 b6 4. g3 Bb7 5. Bg2 Bb4+ 6. Bd2 Be7 7. Nc3 c6 8. e4
d5 9. cxd5 cxd5 10. e5 Ne4 11. O-O O-O 12. Re1 a6 13. Bf1 Nxc3 14. bxc3 a5 15.
Bd3 Ba6 16. Bc2 Nd7 17. h4 Re8 18. Ng5 Bxg5 19. Bxg5 Qc7 20. Re3 h6 21. Bf4 Qd8
22. Qg4 Kh8 23. Qh5 Kg8 24. Rae1 Qe7 25. g4 Qf8 26. g5 g6 27. Qxh6 Qxh6 28.
gxh6 Kh7 29. Rf3 Ra7 30. Bg5 Nf8 31. h5 Rc8 32. Bd2 Bc4 33. a3 Kh8 34. hxg6
Nxg6 35. Rg3 Rg8 36. Kh2 Raa8 37. Bg5 Kh7 38. Reg1 b5 39. Bf6 b4 40. cxb4 axb4
41. Bg7 b3 42. Bb1 1-0

[Event "Bundesliga 9899"]
[Site "Deutschland"]
[Date "1999.01.09"]
[Round "7.5"]
[White "Schulze, Ulrich"]
[Black "Vatter, Hans Joachim"]
[Result "0-1"]
[WhiteElo "2360"]
[BlackElo "2412"]
[PlyCount "72"]
[EventDate "1998.10.17"]
[EventType "team"]
[EventRounds "15"]
[EventCountry "GER"]
[SourceTitle "Bundesliga 9899"]
[Source "DeepChess"]
[SourceDate "2005.01.01"]
[SourceVersion "1"]
[SourceVersionDate "2005.01.01"]
[SourceQuality "1"]
[WhiteTeam "SK Viernheim"]
[BlackTeam "SK Zaehringen 1921"]
[WhiteTeamCountry "GER"]
[BlackTeamCountry "GER"]

1. Nf3 Nf6 2. g3 b5 3. Bg2 Bb7 4. c3 c5 5. d4 e6 6. O-O Be7 7. a4 b4 8. Bf4 O-O
9. dxc5 Bxc5 10. Bd6 Bxd6 11. Qxd6 Nc6 12. cxb4 Ne4 13. Qd3 Nxb4 14. Qb5 a5 15.
Ne5 Ra7 16. Qxd7 Qb8 17. Qb5 Nd6 18. Qb6 Ra6 19. Qe3 Bxg2 20. Kxg2 Nc2 21. Qd3
Qb7+ 22. Kg1 Nxa1 23. Nd2 Rfa8 24. Rxa1 Qxb2 25. Rb1 Qa2 26. Nb3 Ne8 27. Nc5
Rd6 28. Qb5 Rad8 29. Ned3 Qxe2 30. Re1 Qd2 31. Ne4 Qxd3 32. Nxd6 Qxd6 33. Qxa5
Qd2 34. Qe5 Rd5 35. Qe4 Nf6 36. Qb1 Ng4 0-1

[Event "Bundesliga 9899"]
[Site "Deutschland"]
[Date "1999.01.09"]
[Round "7.6"]
[White "Toth, Bela"]
[Black "Schwalfenberg, Joerg"]
[Result "1-0"]
[WhiteElo "2385"]
[BlackElo "2360"]
[PlyCount "129"]
[EventDate "1998.10.17"]
[EventType "team"]
[EventRounds "15"]
[EventCountry "GER"]
[SourceTitle "Bundesliga 9899"]
[Source "DeepChess"]
[SourceDate "2005.01.01"]
[SourceVersion "1"]
[SourceVersionDate "2005.01.01"]
[SourceQuality "1"]
[WhiteTeam "SK Zaehringen 1921"]
[BlackTeam "SK Viernheim"]
[WhiteTeamCountry "GER"]
[BlackTeamCountry "GER"]

1. d4 Nf6 2. c4 c6 3. Nc3 d5 4. cxd5 cxd5 5. Bf4 Nc6 6. e3 a6 7. Bd3 e6 8. Rc1
Be7 9. Nf3 Nh5 10. Be5 Nxe5 11. dxe5 g6 12. O-O O-O 13. Qe2 f6 14. exf6 Bxf6
15. Rfd1 Bd7 16. Qd2 Bc6 17. Be2 Qe7 18. Nd4 Bxd4 19. Qxd4 Nf6 20. Qe5 Nd7 21.
Qg3 Qf6 22. Rd2 Ne5 23. Rcd1 Rad8 24. h4 Kh8 25. Ne4 Qg7 26. Ng5 Rde8 27. Nf3
Nd7 28. Nd4 Nc5 29. Bf3 Bd7 30. Qd6 Qe7 31. Qe5+ Kg8 32. Rc2 a5 33. Bxd5 b6 34.
Bf3 Qxh4 35. Rcd2 Qe7 36. Qc7 Qd8 37. Qxd8 Rxd8 38. Nc6 Rde8 39. Ne5 Ba4 40. b3
Bb5 41. Rd6 Rb8 42. Bc6 Bxc6 43. Nxc6 Rbe8 44. f3 Kg7 45. Ne5 b5 46. Rb6 Rb8
47. Rxb8 Rxb8 48. Rc1 Na6 49. a3 Rb6 50. Kf2 Rd6 51. Ke2 Kf6 52. Nc6 b4 53. a4
Rd5 54. e4 Rg5 55. Kf2 h5 56. e5+ Kg7 57. f4 Rg4 58. Kf3 g5 59. g3 gxf4 60.
gxf4 Rh4 61. Nd8 Rh3+ 62. Ke4 Rc3 63. Rg1+ Kh6 64. Nxe6 Rxb3 65. f5 1-0

[Event "Bundesliga 9899"]
[Site "Deutschland"]
[Date "1999.01.09"]
[Round "7.7"]
[White "Mandel, Andreas"]
[Black "Maier, Christian"]
[Result "0-1"]
[WhiteElo "2360"]
[BlackElo "2353"]
[PlyCount "138"]
[EventDate "1998.10.17"]
[EventType "team"]
[EventRounds "15"]
[EventCountry "GER"]
[SourceTitle "Bundesliga 9899"]
[Source "DeepChess"]
[SourceDate "2005.01.01"]
[SourceVersion "1"]
[SourceVersionDate "2005.01.01"]
[SourceQuality "1"]
[WhiteTeam "SK Viernheim"]
[BlackTeam "SK Zaehringen 1921"]
[WhiteTeamCountry "GER"]
[BlackTeamCountry "GER"]

1. d4 Nf6 2. Nf3 e6 3. g3 c5 4. Bg2 Nc6 5. O-O cxd4 6. Nxd4 Bc5 7. Nb3 Be7 8.
c4 O-O 9. Nc3 d6 10. Nd4 Bd7 11. b3 Nxd4 12. Qxd4 Bc6 13. e4 Qa5 14. Qd3 Rfd8
15. Bd2 Qh5 16. Rfe1 Bf8 17. Ne2 b5 18. Nf4 Qc5 19. Rac1 Qb6 20. cxb5 Bxb5 21.
Qe3 Qxe3 22. Rxe3 g5 23. Nd3 Ng4 24. Rf3 d5 25. e5 Bxd3 26. Rxd3 Nxe5 27. Re3
Nd7 28. Ba5 Rdc8 29. Rec3 Rc5 30. Rxc5 Nxc5 31. Bd2 h6 32. Be3 Nd3 33. Rc7 a5
34. Bf3 Bd6 35. Rb7 Rc8 36. Bh5 Rc7 37. Rb5 Bb4 38. Be2 Nc1 39. Bf1 Nxa2 40. f4
Nc3 41. Rb8+ Kg7 42. fxg5 hxg5 43. Bxg5 Ne4 44. Bf4 Rc2 45. Be3 Bc5 46. Bxc5
Nxc5 47. Rb5 d4 48. Rxa5 Nxb3 49. Ra3 Nc5 50. Ra8 e5 51. Rd8 Ne6 52. Rd7 e4 53.
h4 e3 54. Bd3 Rd2 55. Bc4 Kf6 56. Kf1 Rf2+ 57. Ke1 Ke5 58. h5 Ng5 59. Kd1 f5
60. h6 Rd2+ 61. Kc1 Rh2 62. Rg7 Kf6 63. Rd7 Nf3 64. h7 Kg6 65. Be2 Ng1 66. Bd3
e2 67. Re7 Rxh7 68. Re8 Rh2 69. Bc4 Rf2 0-1

[Event "Bundesliga 9899"]
[Site "Deutschland"]
[Date "1999.01.09"]
[Round "7.8"]
[White "Roos, Jean Luc"]
[Black "Grund, Holger"]
[Result "0-1"]
[WhiteElo "2321"]
[BlackElo "2390"]
[PlyCount "54"]
[EventDate "1998.10.17"]
[EventType "team"]
[EventRounds "15"]
[EventCountry "GER"]
[SourceTitle "Bundesliga 9899"]
[Source "DeepChess"]
[SourceDate "2005.01.01"]
[SourceVersion "1"]
[SourceVersionDate "2005.01.01"]
[SourceQuality "1"]
[WhiteTeam "SK Zaehringen 1921"]
[BlackTeam "SK Viernheim"]
[WhiteTeamCountry "GER"]
[BlackTeamCountry "GER"]

1. e4 c6 2. d4 d5 3. Nd2 dxe4 4. Nxe4 Bf5 5. Ng3 Bg6 6. h4 h6 7. Nf3 Nd7 8. h5
Bh7 9. Bd3 Bxd3 10. Qxd3 Ngf6 11. Bd2 e6 12. O-O-O Be7 13. Ne4 O-O 14. Nxf6+
Nxf6 15. Ne5 c5 16. dxc5 Qc7 17. Qe2 Rfd8 18. Nd3 Bxc5 19. Kb1 Be7 20. g4 Rac8
21. Bc1 Nd5 22. f4 Qc4 23. Rde1 Rd6 24. Ne5 Nc3+ 25. bxc3 Rb6+ 26. Bb2 Qxc3 27.
Nd3 Bf6 0-1

[Event "Bundesliga 9899"]
[Site "Deutschland"]
[Date "1999.01.30"]
[Round "8.2"]
[White "Agdestein, Simen"]
[Black "Votava, Jan"]
[Result "1-0"]
[WhiteElo "2550"]
[BlackElo "2511"]
[PlyCount "89"]
[EventDate "1998.10.17"]
[EventType "team"]
[EventRounds "15"]
[EventCountry "GER"]
[SourceTitle "Bundesliga 9899"]
[Source "DeepChess"]
[SourceDate "2005.01.01"]
[SourceVersion "1"]
[SourceVersionDate "2005.01.01"]
[SourceQuality "1"]
[WhiteTeam "Delmenhorster SK 1931"]
[BlackTeam "Erfurter SK"]
[WhiteTeamCountry "GER"]
[BlackTeamCountry "GER"]

1. d4 Nf6 2. c4 e6 3. Nc3 Bb4 4. e3 O-O 5. Bd3 d5 6. Nf3 b6 7. a3 Bxc3+ 8. bxc3
Ba6 9. cxd5 Qxd5 10. O-O Bxd3 11. Qxd3 Nbd7 12. Nd2 Qh5 13. e4 e5 14. f4 exf4
15. Rxf4 Rad8 16. Bb2 Ne5 17. Qg3 Ng6 18. Rff1 c5 19. Rae1 Qg4 20. Qf2 Nh5 21.
Re3 Ngf4 22. h3 Qd7 23. g4 g5 24. gxh5 Nxh3+ 25. Rxh3 Qxh3 26. Qf3 Qxf3 27.
Rxf3 cxd4 28. cxd4 f5 29. exf5 Rd5 30. f6 Kf7 31. Nc4 g4 32. Rf4 Rxh5 33. Ne5+
Ke6 34. f7 Rxe5 35. dxe5 Rxf7 36. Rxg4 Rf3 37. Rh4 Rb3 38. Rh6+ Kf5 39. Rf6+
Kg4 40. Bc1 Rb5 41. Bf4 Kf3 42. e6 Rb1+ 43. Kh2 Rb2+ 44. Kh3 Re2 45. e7 1-0

[Event "Bundesliga 9899"]
[Site "Deutschland"]
[Date "1999.01.30"]
[Round "8.3"]
[White "Casper, Thomas"]
[Black "Conquest, Stuart"]
[Result "0-1"]
[WhiteElo "2435"]
[BlackElo "2488"]
[PlyCount "60"]
[EventDate "1998.10.17"]
[EventType "team"]
[EventRounds "15"]
[EventCountry "GER"]
[SourceTitle "Bundesliga 9899"]
[Source "DeepChess"]
[SourceDate "2005.01.01"]
[SourceVersion "1"]
[SourceVersionDate "2005.01.01"]
[SourceQuality "1"]
[WhiteTeam "Erfurter SK"]
[BlackTeam "Delmenhorster SK 1931"]
[WhiteTeamCountry "GER"]
[BlackTeamCountry "GER"]

1. e4 c5 2. Nf3 e6 3. d3 Nc6 4. Be2 d5 5. O-O Bd6 6. exd5 exd5 7. d4 cxd4 8.
Nbd2 Nf6 9. Nb3 h6 10. Nbxd4 O-O 11. h3 Bd7 12. Be3 Re8 13. Re1 Rxe3 14. fxe3
Bg3 15. Rf1 Qe7 16. Qd3 Re8 17. Bd1 Bb8 18. c3 Ne5 19. Nxe5 Qxe5 20. Rf4 Qg5
21. Rf3 Re4 22. Bb3 Qe5 23. Kf2 Rh4 24. Rf4 Ne4+ 25. Kg1 Rxf4 26. exf4 Qxf4 27.
Nf3 Bb5 28. Qd4 Bd6 29. Kh1 Bc5 30. Qxd5 Ng3+ 0-1

[Event "Bundesliga 9899"]
[Site "Deutschland"]
[Date "1999.01.30"]
[Round "8.4"]
[White "Gisbrecht, Ewgeni"]
[Black "Kuczynski, Robert"]
[Result "1/2-1/2"]
[WhiteElo "2405"]
[BlackElo "2430"]
[PlyCount "32"]
[EventDate "1998.10.17"]
[EventType "team"]
[EventRounds "15"]
[EventCountry "GER"]
[SourceTitle "Bundesliga 9899"]
[Source "DeepChess"]
[SourceDate "2005.01.01"]
[SourceVersion "1"]
[SourceVersionDate "2005.01.01"]
[SourceQuality "1"]
[WhiteTeam "Delmenhorster SK 1931"]
[BlackTeam "Erfurter SK"]
[WhiteTeamCountry "GER"]
[BlackTeamCountry "GER"]

1. Nf3 d5 2. c4 c6 3. b3 Bg4 4. e3 e6 5. Bb2 Nf6 6. Be2 Nbd7 7. h3 Bh5 8. O-O
Bd6 9. Nc3 O-O 10. Rc1 a6 11. d4 Qe7 12. Ne5 Bxe2 13. Nxe2 Ba3 14. Bxa3 Qxa3
15. Nd3 Qe7 16. Nef4 Rfd8 1/2-1/2

[Event "Bundesliga 9899"]
[Site "Deutschland"]
[Date "1999.01.30"]
[Round "8.5"]
[White "Enders, Peter"]
[Black "Lauber, Arnd"]
[Result "1-0"]
[WhiteElo "2474"]
[BlackElo "2418"]
[PlyCount "79"]
[EventDate "1998.10.17"]
[EventType "team"]
[EventRounds "15"]
[EventCountry "GER"]
[SourceTitle "Bundesliga 9899"]
[Source "DeepChess"]
[SourceDate "2005.01.01"]
[SourceVersion "1"]
[SourceVersionDate "2005.01.01"]
[SourceQuality "1"]
[WhiteTeam "Erfurter SK"]
[BlackTeam "Delmenhorster SK 1931"]
[WhiteTeamCountry "GER"]
[BlackTeamCountry "GER"]

1. e4 c6 2. d4 d5 3. Nc3 dxe4 4. Nxe4 Bf5 5. Ng3 Bg6 6. h4 h6 7. Nf3 Nf6 8. Ne5
Bh7 9. Bd3 Bxd3 10. Qxd3 e6 11. Be3 Bd6 12. f4 Qc7 13. O-O-O Nbd7 14. Rhf1 Rd8
15. Ne4 Nxe4 16. Qxe4 Nf6 17. Qf3 Qa5 18. Kb1 Qd5 19. Rd3 Qxf3 20. Rxf3 Rc8 21.
Rb3 b6 22. a4 Nd5 23. Bf2 c5 24. dxc5 Bxc5 25. Bxc5 Rxc5 26. Rb5 Rc7 27. a5 f6
28. Ng6 Rg8 29. f5 Kf7 30. h5 Rgc8 31. fxe6+ Kxe6 32. axb6 axb6 33. Rf2 Rc5 34.
Rb3 R8c7 35. Re2+ Kf7 36. Nh8+ Kf8 37. Rd3 Rc8 38. Ng6+ Kf7 39. c4 Nb4 40. Rd7+
$138 1-0